000 00595nam a2200169Ia 4500
003 GCL
008 140319s9999 xx 000 0 ara d
040 _aGCL /
_cGCL
082 0 4 _aم
_b347
_bع د
100 1 _aعبدالحميد الشواربى
_vPurified
_@
…هذب
245 1 0 _aالدفوع المدنية الاجرائية والموضوعية /
_cعبدالحميد الشواربى
260 _a[S.N] :
_bمنشاة المعارف الاسلامية ،
_c1992
300 _a2212 ص
650 0 4 _aالقانون
650 0 4 _aقانون المرافعات
942 _2ddc
_cREF
999 _c59245
_d59245